| 000 | 00793nam a2200253 a 4500 | ||
|---|---|---|---|
| 001 | BRL_55 | ||
| 005 | 20190320210552.0 | ||
| 008 | 031012s1976----sp-#######---#000-0#spa-# | ||
| 020 | _a8423105318 | ||
| 041 | _aspa | ||
| 044 | _asp | ||
| 050 | 4 |
_aBL311 _b.H36 1976 |
|
| 100 | 1 |
_aHamilton, Edith, _d1867-1963 _922781 |
|
| 245 | 1 | 0 |
_aLa mitología _bGrecia, Roma y norte de Europa _cEdith Hamilton ; traducción de Valentín Conejero Ciriza. |
| 260 |
_aMadrid _bEdiciones Daimon, Manuel Tamayo _c1976 |
||
| 300 |
_a367 p. _c22 cm. |
||
| 500 | _aIncluye apéndice, árboles genealógicos e índice alfabético | ||
| 500 | _aTraducción de: Mythology | ||
| 500 | _aAu80 | ||
| 650 | 1 | 4 |
_aMitología _99838 |
| 700 | 1 |
_aConejero Ciriza, Valentín _etr. _922782 |
|
| 902 | _aGRL | ||
| 942 |
_2lcc _cB |
||
| 999 |
_c8868 _d8868 |
||